| 000 | 00866nam a22002055i 4500 | ||
|---|---|---|---|
| 001 | 162304 | ||
| 003 | ES-MaACL | ||
| 005 | 20250725063224.0 | ||
| 008 | 041117s1859 fr |||| | fre d | ||
| 040 |
_aCAM _bspa _cCAM |
||
| 080 | _a821.124-96"00" | ||
| 100 | 0 |
_aPlutarco _992678 |
|
| 245 | 1 | 0 |
_aSur les délais de la justice divine, dans la punition des coupables / _couvrage de Plutarque, nouvellement traduit avec des additions et des notes, par le comte Joseph de Maistre, suivi de la traduction du mème traité par Amyot sur ce titre: pourquoi la justice divine diffère la punition des maléfices?. |
| 260 |
_aLyon ; _aParis : _bJ. B. Pelagaud et Cie., _c1859. |
||
| 300 |
_aXVI, 202 p. ; _c21 cm. |
||
| 700 | 0 |
_aMaistre, Joseph de. _975626 |
|
| 700 | 1 |
_aAmyot, Jacques. _9125662 |
|
| 852 |
_aES-MaACL _jG-8344(1) |
||
| 999 |
_c162304 _d162304 |
||